Postaw na milion 103 - Statystyki

Ogólne statystyki
  • Ten quiz został rozwiązany 13 razy
  • Średni wynik to 7 z 14
Statystyki odpowiedzi
Zagadnienie Odpowiedź % Poprawnych
Jak witają się Inuici (Eskimoski)? pocierają się nosami
83%
Które z tych świąt jest obchodzone najwięcej razy w roku? szabat
75%
Które z tych państw nie jest członkiem ONZ? Watykan
75%
Który kontynent jest największy? Afryka
67%
Syrenka to herb Warszawy. A które inne miasto uważa syrenkę za jeden ze swoich symboli? Kopenhaga
67%
Na Antarktydzie w amerykańskiej stacji McMurdo zanotowano -36° Fahrenheita, a na rosyjskiej stacji Mirnyj -36° Celsjusza. Gdzie było zimniej? w McMurdo
67%
Kto wypowiedział słowa: "Bóg nie gra w kości"? Albert Einstein
58%
Jaki kolor garnituru jest przez ekspertów od męskiej elegancji uważany za niedopuszczalny w sytuacjach oficjalnych? brązowy
50%
Kto z nich znalazł się najwyżej na liście Forbesa najbardziej wpływowych celebrytów 2014 roku? LeBron James
42%
Ilustrator książek dla dzieci, twórca Gapiszona, Gucia i Cezara oraz scenografii do Kabaretu Starszych Panów to: Bohdan Butenko
25%
Kto przyznaje "Złote Globy"? Hollywoodzkie Stowarzyszenie Prasy Zagranicznej
25%
Fryderyk Chopin miał dwie ulubione marki fortepianów. Jedną był Erard, a drugą? Pleyel
17%
Która z popularnych łamigłówek powstała najwcześniej? puzzle
8%
Z którego z tych państw wystartował w 2015 roku Rajd Dakar? Argentyny
0%
Nie znaleziono quizów pasujących do podanych kryteriów
Rozkład punktacji
Procent ludzi z każdym wynikiem
Percentyl według liczby udzielonych odpowiedzi
Twoja historia wyników
Nie rozwiązałeś tego quizu